[Event "German Bundesliga 2021-22"]
[Site "Germany"]
[Date "2022.03.16"]
[Round "1.14"]
[White "Yankelevich, Lev"]
[Black "Rietze, Clemens"]
[Result "1-0"]
[WhiteElo "2444"]
[BlackElo "2279"]
[Annotator "TA"]
[PlyCount "118"]
[EventDate "2022.03.05"]
[EventType "team-tourn"]
[EventCountry "GER"]

{[%evp 16,118,45,36,39,47,50,45,42,40,43,37,39,38,41,32,27,0,0,0,0,0,0,0,0,0,0,0,0,0,0,0,0,0,0,0,0,0,18,22,20,0,0,0,0,0,13,0,0,0,0,0,0,0,0,-14,0,-7,0,-6,0,-129,-116,-133,0,0,162,162,160,145,151,122,118,77,122,0,0,0,0,0,0,0,0,0,0,0,0,0,61,66,66,0,0,0,0,0,0,0,371,0,273,264,29981,29982,29998]} 1. d4 Nf6 2. c4 e6 3. Nf3 d5 4. g3 Bb4+ 5. Bd2 Bd6 6. Bg2 O-O 7. O-O c6 8. Nc3 Nbd7 9. b3 b6 {E01: Catalan: Early deviations.} 10. e4 dxe4 11. Ng5 Bb7 {White is slightly better.} 12. Ngxe4 Be7 13. Bf4 Nxe4 14. Nxe4 Nf6 {[#]} 15. Qd3 $146 ({Predecessor:} 15. Qe2 Nxe4 16. Qxe4 Bf6 17. Rad1 Qe7 18. Rd3 Rfd8 19. Rfd1 Rd7 20. Qe2 Rad8 21. Be5 g6 22. Be4 {1-0 (45) Poettinger,H (2260)-Wach,M (2420) Austria 1997}) 15... Qd7 16. Ng5 Rad8 17. Rfd1 c5 {[%cal Rc5d4]} 18. Bxb7 Qxb7 19. Qf3 Qc8 20. dxc5 Qxc5 21. Qe2 Qf5 22. Nf3 Bc5 23. Be3 Qe4 24. Rxd8 Rxd8 25. Rd1 Rxd1+ 26. Qxd1 {Threatens to win with Bxc5.} h6 27. Bxc5 bxc5 28. Ne1 Nd7 29. Nf3 Qc6 30. Qd3 g5 31. Qe3 f6 32. Nd2 Kf7 33. Ne4 f5 34. Nc3 Qd6 35. Nb5 Qd1+ 36. Kg2 a6 37. Nc3 Qc2 38. Qf3 (38. h4 $11 {remains equal.}) 38... Ne5 $1 $17 39. Qe3 {[%csl LRc5,LRe5]} Kf6 (39... Nd3 $17 40. Ne2 e5) 40. Na4 $11 Qxa2 $2 (40... Nxc4 $1 $11 41. bxc4 Qxa4 42. Qxc5 g4) 41. Nxc5 $18 Qa1 {[#] To avoid Qd4} 42. Qd2 $1 {Inhibits Qd1.} Nf7 {To avoid Qd6} 43. Qd7 Qe5 44. b4 (44. Nxa6 $6 Qe4+ 45. Kg1 Qb1+ 46. Kg2 Qe4+ 47. Kg1 Qb1+ 48. Kg2 Qe4+ $11) (44. Qc6 $142 {And now Nd7+ would win.} Qd6 45. Qxd6 Nxd6 46. Nxa6) 44... f4 {[#]} (44... g4 $142) 45. Qe8 {White is much more active.} ({White should try} 45. Qd3 $1 $16 {Nd7+ is the strong threat.} Qf5 46. Qxf5+ exf5 47. b5 (47. Nxa6 Ne5 $16) 47... axb5 48. cxb5) 45... Qf5 $11 46. Nd7+ Kg7 $1 47. Qf8+ Kh7 {( -> ...f3+)} 48. Qa8 Nd6 49. c5 Nb5 50. f3 fxg3 51. hxg3 Nc3 {Prevents Qe4.} (51... Nd4 $11) 52. Qf8 $14 ({Of course not} 52. Qxa6 Qc2+ 53. Kh3 Qf5+ 54. Kh2 Qc2+ 55. Kh3 Qf5+ 56. Kh2 Qc2+ 57. Kh3 $11) 52... Nd5 53. c6 ({White should play} 53. Qxf5+ $1 $14 exf5 54. c6) 53... Ne3+ $11 54. Kg1 {Chess con chili.} Qb1+ 55. Kf2 Nd1+ 56. Kf1 Qc2 $2 {[%mdl 8192]} (56... Qd3+ $11 {and Black stays safe.} 57. Ke1 (57. Kg1 Qe3+ 58. Kg2 Qe2+ 59. Kh1 Nf2+ 60. Kg1 Nh3+ 61. Kh1 Nf2+ 62. Kg1 Nh3+ 63. Kh1 Nf2+ $11) 57... Ne3 58. Nf6+ (58. Qe7+ Kh8 $11) 58... Kg6) 57. Nf6+ $18 Kg6 {[%csl Gd1][%cal Rc2f2]} 58. Ng4 {Inhibits Qf2+. White threatens Qg8+ and mate.} Qd3+ $2 (58... Ne3+ $18 59. Nxe3 Qd3+ 60. Kg2 Qe2+ 61. Kh3 Qxe3) 59. Ke1 Ne3 {Weighted Error Value: White=0.11 (very precise) /Black=0.33} 1-0

[Event "German Bundesliga 2021-22"]
[Site "Germany"]
[Date "2022.03.05"]
[Round "1.14"]
[White "Van Osch, Mees"]
[Black "Heimann, Andreas"]
[Result "0-1"]
[WhiteElo "2349"]
[BlackElo "2581"]
[Annotator "TA"]
[PlyCount "96"]
[EventDate "2022.03.05"]
[EventType "team-tourn"]
[EventCountry "GER"]
[SourceTitle "playchess.com"]
[Source "ChessBase"]
[SourceQuality "1"]

{[%evp 9,96,21,16,22,5,12,20,4,12,0,3,-2,10,23,24,13,30,31,33,20,32,-104,-106,-107,-112,-110,-112,-106,-88,-95,-95,-115,-131,-132,-129,-141,-137,-138,-147,-140,-142,-166,-165,-182,-189,-187,-187,-189,-179,-187,-180,-220,-221,-227,-220,-221,-223,-267,-268,-253,-185,-256,-250,-310,-307,-292,-228,-228,-211,-365,-300,-484,-448,-553,-579,-515,-520,-436,-411,-470,-450,-523,-518,-576,-576,-574,-568,-555,-475]} 1. e4 e5 2. Nf3 Nc6 3. Nc3 Nf6 4. h3 d5 5. exd5 Nxd5 6. Bb5 {C47: Scotch Four Knights and Four Knights with 4 g3.} Nxc3 7. bxc3 {With the idea Nxe5.} Bd6 8. O-O {The position is equal.} O-O 9. Re1 Re8 10. d4 exd4 11. Rxe8+ Qxe8 12. cxd4 {[#]} a6 $146 ({Predecessor:} 12... Bd7 13. Bb2 Ne7 14. Bc4 Bb5 15. Bb3 Ba4 16. c4 Bxb3 17. Qxb3 c6 18. Re1 Qd7 {½-½ (24) Czebe,A (2368)-Plachetka,J (2299) Slovakia 2021}) 13. Bf1 Bf5 14. c4 Rd8 {[%cal Oc6d4]} 15. Qb3 {[#]} (15. Bg5 $14 {keeps the upper hand.}) 15... Nxd4 $1 $17 {[%mdl 512] Black converts the advantage convincingly.} 16. Nxd4 Qe5 {[%csl Gd6][%cal Re5h2]} 17. g3 Qxd4 18. Bb2 Qd2 $40 {[%mdl 128] ...Bc5 is the strong threat. Black wants a kill. Black is much more active.} 19. Rd1 Qc2 20. Qxc2 Bxc2 21. Rd2 Bf5 22. Bg2 {[%cal Oc4c5]} b6 23. Bc3 Be6 24. Bf1 Rd7 25. h4 f6 26. Kh2 Bc5 27. Rxd7 Bxd7 $19 {[%mdl 4096] Endgame KBB-KBB} 28. Kg2 Bf5 {Inhibits Bd3. Threatens to win with ...Bb1.} 29. Bb2 Be4+ 30. f3 Bb1 31. a3 Kf7 32. g4 Ke6 33. Kg3 Bd6+ 34. Kf2 Be5 35. Bc1 (35. Bxe5 {is a better defense.} Kxe5 36. Ke3) 35... Kd6 36. c5+ Kxc5 ({And not} 36... bxc5 37. Bxa6 Kd5 38. a4 $17) 37. Bxa6 Bd4+ 38. Ke2 b5 39. f4 $2 (39. Bc8 {was necessary.}) 39... h5 40. gxh5 (40. Bc8 {was called for.} hxg4 41. Bxg4) 40... Bf5 {Hoping for ...Kb6.} 41. a4 bxa4 {White must now prevent ...Kb4.} 42. Ba3+ Kd5 {aiming for ...Bc5.} 43. Bb5 Ke4 44. Bxa4 Bg4+ {Black is clearly winning.} 45. Kf1 Bxh5 46. Bf8 f5 47. Bc6+ Kxf4 48. Be7 Bf6 {Weighted Error Value: White=0.27 (precise) /Black=0.07 (flawless)} 0-1

[Event "German Bundesliga 2021-22"]
[Site "Germany"]
[Date "2022.03.05"]
[Round "1.15"]
[White "Dautov, Rustem"]
[Black "Rezasade, Amir"]
[Result "1-0"]
[WhiteElo "2596"]
[BlackElo "2334"]
[Annotator "TA"]
[PlyCount "75"]
[EventDate "2022.03.05"]
[EventType "team-tourn"]
[EventCountry "GER"]
[SourceTitle "playchess.com"]
[Source "ChessBase"]
[SourceQuality "1"]

{[%evp 26,75,17,0,17,18,37,31,51,53,56,49,41,27,62,58,60,58,68,72,63,62,83,76,85,84,77,77,99,96,126,126,295,130,212,200,726,664,711,702,965,835,820,814,793,780,769,700,29982,5628,29986,29986]} 1. d4 d5 2. c4 e6 3. Nf3 Nf6 4. Nc3 Be7 5. Bg5 h6 6. Bh4 O-O 7. e3 Ne4 8. Bxe7 Qxe7 9. Rc1 c6 10. Bd3 Nxc3 11. Rxc3 dxc4 12. Bxc4 Nd7 13. O-O b6 14. Qe2 c5 {D56: Queen's Gambit Declined: Lasker Defence.} 15. Bb5 cxd4 16. Nxd4 Nc5 {White is slightly better.} 17. b4 {[%cal Bb2b4,Bb4b5,Bb5c6][%mdl 32]} Ne4 {[%csl LRb4,LRc3]} 18. Rc2 Bb7 19. Bc6 {[#]} a5 $146 ({Predecessor:} 19... Bxc6 20. Nxc6 Qb7 21. Qf3 Nf6 22. Rfc1 a6 23. h3 Nd5 24. e4 Nf6 25. a4 Rfe8 {1-0 (78) Rychagov,A (2534)-Prasanna Raghuram,R (2334) Paleochora 2009}) 20. Qd3 {aiming for Qxe4.} Nf6 21. b5 Rfd8 22. Qe2 Rd6 23. Rfc1 Nd5 24. a3 Bxc6 25. bxc6 {Nb5 is the strong threat.} Nc7 26. a4 {White is more active.} Rd5 27. h3 Rad8 28. Rb1 Qa3 $2 (28... Rb8 $16 29. Rcb2 Qc5) 29. Rc4 (29. Rxb6 $18 {Black must now prevent Rb7.} Rc8 30. Rb7) 29... e5 {[#]} (29... Rb8 $16 {was worth a try.} 30. Qc2 Qe7) 30. Nf5 $1 $18 {And now Rg4 would win.} Ne6 $2 (30... g6) 31. c7 Rc8 32. Rxb6 Rxc7 {[#]} 33. Rxe6 $1 {[%mdl 512]} fxe6 34. Rxc7 exf5 {KQR-KQR} 35. Qc4 ({Not} 35. Qh5 Qf8 36. Qg6 Rd1+ 37. Kh2 Rd2 $16) 35... Qd3 36. Qc6 Qd1+ 37. Kh2 {Qe8+ would kill now.} Kh7 38. Qf6 {Black did not feel at home in the position after the opening.  Weighted Error Value: White=0.10 (very precise) /Black=0.82} 1-0

[Event "German Bundesliga 2021-22"]
[Site "Germany"]
[Date "2022.03.05"]
[Round "1.15"]
[White "Stark, Lars"]
[Black "Heinemann, Thies"]
[Result "0-1"]
[WhiteElo "2386"]
[BlackElo "2495"]
[Annotator "ChessBase"]
[PlyCount "86"]
[EventDate "2022.03.05"]
[EventType "team-tourn"]
[EventCountry "GER"]
[SourceTitle "playchess.com"]
[Source "ChessBase"]
[SourceQuality "1"]
[TimeControl "40/5400+30:1800+30"]

1. c4 {[%emt 0:00:00]} c5 {[%emt 0:00:00]} 2. g3 {[%emt 0:00:00]} Nc6 {[%emt 0:00:00]} 3. Bg2 {[%emt 0:00:00]} g6 {[%emt 0:00:00]} 4. Nc3 {[%emt 0:00:00]} Bg7 {[%emt 0:00:00]} 5. Nf3 {[%emt 0:00:00]} e5 {[%emt 0:00:00]} 6. O-O {[%emt 0:00:00]} Nge7 {[%emt 0:00:00]} 7. Ne1 {[%emt 0:00:00]} d6 {[%emt 0:00:00]} 8. Nc2 {[%emt 0:00:00]} Be6 {[%emt 0:00:00]} 9. Ne3 {[%emt 0:00:00]} O-O {[%emt 0:00:00]} 10. d3 {[%emt 0:00:00]} Rb8 {[%emt 0:00:00]} 11. Ned5 {[%emt 0:04:15]} a6 {[%emt 0:06:52]} 12. a4 {[%emt 0:01:02]} a5 {[%emt 0:13:56]} 13. Bg5 {[%emt 0:08:16]} f6 {[%emt 0:01:29]} 14. Bd2 {[%emt 0:00:53]} b6 {[%emt 0:07:52]} 15. h3 {[%emt 0:14:57]} Nb4 {[%emt 0:07:43]} 16. Kh2 {[%emt 0:09:53]} Nexd5 {[%emt 0:05:56]} 17. Nxd5 {[%emt 0:04:56]} Nxd5 {[%emt 0:00:56]} 18. cxd5 {[%emt 0:01:28]} Bd7 {[%emt 0:01:05]} 19. Qc1 {[%emt 0:00:37]} f5 {[%emt 0:02:22]} 20. Bh6 {[%emt 0:04:04]} f4 {[%emt 0:03:29]} 21. Bxg7 {[%emt 0:00:06]} Kxg7 {[%emt 0:00:12]} 22. b3 {[%emt 0:02:45]} Qg5 {[%emt 0:07:24]} 23. Qc4 {[%emt 0:00:37]} Rf7 {[%emt 0:10:34]} 24. Qa6 {[%emt 0:03:23]} Qd8 {[%emt 0:03:40]} 25. h4 {[%emt 0:04:27]} Ra8 {[%emt 0:02:51]} 26. Qc4 {[%emt 0:00:07]} g5 {[%emt 0:03:11]} 27. e3 {[%emt 0:21:16]} Qf6 {[%emt 0:07:09]} 28. exf4 {[%emt 0:03:34]} exf4 {[%emt 0:03:05]} 29. Rae1 {[%emt 0:00:29]} gxh4 {[%emt 0:03:22]} 30. Qxf4 {[%emt 0:02:53]} Qxf4 {[%emt 0:02:07]} 31. gxf4 {[%emt 0:00:07]} Raf8 {[%emt 0:02:41]} 32. Rg1 {[%emt 0:05:07]} Kh6 {[%emt 0:02:05]} 33. Bh3 {[%emt 0:01:22]} Bxh3 {[%emt 0:00:29]} 34. Kxh3 {[%emt 0:00:06]} Rxf4 {[%emt 0:00:19]} 35. Re6+ {[%emt 0:04:06]} Kh5 {[%emt 0:01:39]} 36. Rxd6 {[%emt 0:01:13]} Rxf2 {[%emt 0:00:45]} 37. Rg2 {[%emt 0:00:05]} R8f3+ {[%emt 0:01:18]} 38. Kh2 {[%emt 0:00:05]} Rxg2+ {[%emt 0:00:54]} 39. Kxg2 {[%emt 0:00:05]} Kg4 {[%emt 0:00:40]} 40. Rd8 {[%emt 0:00:47]} h3+ {[%emt 0:00:34]} 41. Kh2 {[%emt 0:30:20]} Rxd3 {[%emt 0:00:00]} 42. d6 {[%emt 0:00:00]} Rd2+ {[%emt 0:00:00]} 43. Kg1 {[%emt 0:00:00]} h2+ {[%emt 0:00:00]} 0-1

[Event "German Bundesliga 2021-22"]
[Site "Germany"]
[Date "2022.03.05"]
[Round "1.15"]
[White "Moehn, Hans"]
[Black "Handke, Florian"]
[Result "1-0"]
[WhiteElo "2360"]
[BlackElo "2539"]
[Annotator "ChessBase"]
[PlyCount "81"]
[EventDate "2022.03.05"]
[EventType "team-tourn"]
[EventCountry "GER"]
[SourceTitle "playchess.com"]
[Source "ChessBase"]
[SourceQuality "1"]
[TimeControl "40/5400+30:1800+30"]

1. Nf3 {[%emt 0:00:00]} Nf6 {[%emt 0:00:00]} 2. g3 {[%emt 0:00:00]} g6 {[%emt 0:00:00]} 3. b3 {[%emt 0:00:00]} Bg7 {[%emt 0:00:00]} 4. Bb2 {[%emt 0:00:00]} d5 {[%emt 0:00:00]} 5. c4 {[%emt 0:00:00]} O-O {[%emt 0:00:00]} 6. Bg2 {[%emt 0:00:00]} Nc6 {[%emt 0:00:00]} 7. cxd5 {[%emt 0:00:06]} Nxd5 {[%emt 0:00:00]} 8. Bxg7 {[%emt 0:01:33]} Kxg7 {[%emt 0:00:00]} 9. Nc3 {[%emt 0:01:18]} Nxc3 {[%emt 0:00:00]} 10. dxc3 {[%emt 0:00:08]} e5 {[%emt 0:00:00]} 11. Qxd8 {[%emt 0:03:20]} Rxd8 {[%emt 0:00:00]} 12. Nd2 {[%emt 0:00:29]} Ne7 {[%emt 0:02:28]} 13. O-O-O {[%emt 0:04:32]} a5 {[%emt 0:30:16]} 14. Nc4 {[%emt 0:15:28]} Re8 {[%emt 0:03:12]} 15. Rd2 {[%emt 0:08:51]} a4 {[%emt 0:06:47]} 16. b4 {[%emt 0:02:26]} Nf5 {[%emt 0:01:05]} 17. Be4 {[%emt 0:18:17]} Be6 {[%emt 0:18:19]} 18. Na5 {[%emt 0:14:49]} Nd6 {[%emt 0:00:33]} 19. Bxb7 {[%emt 0:04:24]} Rxa5 {[%emt 0:12:29]} 20. Rxd6 {[%emt 0:01:10]} Ra7 {[%emt 0:01:05]} 21. Bc6 {[%emt 0:00:55]} cxd6 {[%emt 0:01:56]} 22. Bxe8 {[%emt 0:00:05]} a3 {[%emt 0:01:21]} 23. Kb1 {[%emt 0:08:33]} Bc4 {[%emt 0:09:52]} 24. Rd1 {[%emt 0:02:31]} Kf8 {[%emt 0:02:29]} 25. Bc6 {[%emt 0:00:09]} Ke7 {[%emt 0:00:39]} 26. Rd2 {[%emt 0:05:35]} Rc7 {[%emt 0:02:15]} 27. Be4 {[%emt 0:00:51]} f5 {[%emt 0:01:42]} 28. Bd3 {[%emt 0:02:59]} Be6 {[%emt 0:03:12]} 29. Rc2 {[%emt 0:00:16]} e4 {[%emt 0:02:48]} 30. Bb5 {[%emt 0:00:40]} d5 {[%emt 0:01:01]} 31. e3 {[%emt 0:01:42]} g5 {[%emt 0:00:19]} 32. Kc1 {[%emt 0:00:38]} Kd6 {[%emt 0:00:25]} 33. Kd2 {[%emt 0:00:21]} h6 {[%emt 0:02:00]} 34. c4 {[%emt 0:00:45]} dxc4 {[%emt 0:00:13]} 35. Kc3 {[%emt 0:00:04]} Ke5 {[%emt 0:00:15]} 36. Rd2 {[%emt 0:00:07]} f4 {[%emt 0:00:38]} 37. Ba6 {[%emt 0:05:17]} fxe3 {[%emt 0:01:02]} 38. fxe3 {[%emt 0:00:01]} Bd5 {[%emt 0:00:33]} 39. b5 {[%emt 0:00:53]} Kd6 {[%emt 0:00:33]} 40. b6 {[%emt 0:00:29]} Rc5 {[%emt 0:00:31]} 41. Bb7 {[%emt 0:00:00]} 1-0

[Event "German Bundesliga 2021-22"]
[Site "Germany"]
[Date "2022.03.05"]
[Round "1.15"]
[White "Dimitrijeski, Kristian"]
[Black "Froewis, Georg"]
[Result "1/2-1/2"]
[WhiteElo "2137"]
[BlackElo "2449"]
[Annotator "NA"]
[PlyCount "90"]
[EventDate "2022.03.05"]
[EventType "team-tourn"]
[EventCountry "GER"]
[SourceTitle "playchess.com"]
[Source "ChessBase"]
[SourceQuality "1"]
[TimeControl "40/5400+30:1800+30"]

1. e4 {[%emt 0:00:00]} e6 {[%emt 0:00:00]} 2. d3 {[%emt 0:00:00]} d5 {[%emt 0:00:00]} 3. Nd2 {[%emt 0:00:00]} Nf6 {[%emt 0:00:00]} 4. Ngf3 {[%emt 0:00:00]} Be7 {[%emt 0:00:00]} 5. g3 {[%emt 0:00:00]} O-O {[%emt 0:00:00]} 6. Bg2 {[%emt 0:00:00]} c5 {[%emt 0:00:00]} 7. O-O {[%emt 0:00:00]} Nc6 {[%emt 0:00:00]} 8. Re1 {[%emt 0:00:00]} h6 {[%emt 0:00:00]} 9. e5 {[%emt 0:00:00]} Nh7 {[%emt 0:00:00]} 10. Nf1 {[%emt 0:16:26]} Qc7 {[%emt 0:00:00]} 11. h4 {[%emt 0:01:31]} b5 {[%emt 0:00:00]} 12. N1h2 {[%emt 0:01:06]} Rd8 {[%emt 0:00:00]} 13. Bf4 {[%emt 0:04:36]} Bb7 {[%emt 0:00:04]} 14. h5 {[%emt 0:08:05]} a5 {[%emt 0:01:37]} 15. Ng4 {[%emt 0:06:49]} Bf8 {[%emt 0:01:03]} 16. Qd2 {[%emt 0:05:33]} a4 {[%emt 0:03:39]} 17. a3 {[%emt 0:15:36]} b4 {[%emt 0:02:01]} 18. Ngh2 {[%emt 0:06:51]} d4 {[%emt 0:44:06]} 19. Qe2 {[%emt 0:03:24]} c4 {[%emt 0:20:54]} 20. dxc4 {[%emt 0:02:17]} bxa3 {[%emt 0:00:06]} 21. bxa3 {[%emt 0:00:13]} Na5 {[%emt 0:00:08]} 22. Nd2 {[%emt 0:06:55]} Bxg2 {[%emt 0:00:21]} 23. Kxg2 {[%emt 0:00:07]} Rac8 {[%emt 0:00:50]} 24. Nhf3 {[%emt 0:10:34]} Nxc4 {[%emt 0:01:30]} 25. Nxc4 {[%emt 0:00:02]} Qxc4 {[%emt 0:00:07]} 26. Qxc4 {[%emt 0:00:31]} Rxc4 {[%emt 0:00:02]} 27. Red1 {[%emt 0:01:19]} Ng5 {[%emt 0:07:27]} 28. Nxg5 {[%emt 0:01:06]} hxg5 {[%emt 0:00:06]} 29. Bxg5 {[%emt 0:00:08]} Rd5 {[%emt 0:00:10]} 30. Bf4 {[%emt 0:04:47]} Rxc2 {[%emt 0:00:21]} 31. Rd3 {[%emt 0:00:37]} Rc3 {[%emt 0:06:33]} 32. Rad1 {[%emt 0:00:52]} f6 {[%emt 0:06:55]} 33. Rxd4 {[%emt 0:02:08]} fxe5 {[%emt 0:07:55]} 34. Rxd5 {[%emt 0:00:13]} exd5 {[%emt 0:00:08]} 35. Bxe5 {[%emt 0:00:32]} Rxa3 {[%emt 0:00:37]} 36. Rxd5 {[%emt 0:00:21]} Rb3 {[%emt 0:00:10]} 37. Ra5 {[%emt 0:02:15]} a3 {[%emt 0:00:15]} 38. Ra7 {[%emt 0:02:06]} Rd3 {[%emt 0:01:31]} 39. g4 {[%emt 0:00:54]} Rd2 {[%emt 0:00:22]} 40. g5 {[%emt 0:01:43]} Rxf2+ {[%emt 0:00:41]} 41. Kxf2 {[%emt 0:00:00]} Bc5+ {[%emt 0:00:00]} 42. Ke2 {[%emt 0:00:00]} Bxa7 {[%emt 0:00:00]} 43. Kd3 {[%emt 0:00:00]} Bc5 {[%emt 0:00:00]} 44. Kc2 {[%emt 0:00:00]} Be7 {[%emt 0:00:00]} 45. Kb3 {[%emt 0:00:00]} Bxg5 {[%emt 0:00:00]} 1/2-1/2

[Event "German Bundesliga 2021-22"]
[Site "Germany"]
[Date "2022.03.05"]
[Round "1.16"]
[White "Naumann, Alexander"]
[Black "Richter, Philipp"]
[Result "1-0"]
[WhiteElo "2514"]
[BlackElo "2225"]
[Annotator "ChessBase"]
[PlyCount "79"]
[EventDate "2022.03.05"]
[EventType "team-tourn"]
[EventCountry "GER"]
[SourceTitle "playchess.com"]
[Source "ChessBase"]
[SourceQuality "1"]
[TimeControl "40/5400+30:1800+30"]

1. c4 {[%emt 0:00:00]} c5 {[%emt 0:00:00]} 2. Nf3 {[%emt 0:00:00]} Nf6 {[%emt 0:00:00]} 3. Nc3 {[%emt 0:00:00]} Nc6 {[%emt 0:00:00]} 4. e3 {[%emt 0:00:00]} e6 {[%emt 0:00:00]} 5. d4 {[%emt 0:00:00]} cxd4 {[%emt 0:00:00]} 6. exd4 {[%emt 0:00:00]} d5 {[%emt 0:00:00]} 7. Bg5 {[%emt 0:00:00]} Be7 {[%emt 0:01:21]} 8. c5 {[%emt 0:00:34]} Ne4 {[%emt 0:05:50]} 9. Bxe7 {[%emt 0:01:44]} Qxe7 {[%emt 0:05:27]} 10. Qc2 {[%emt 0:08:48]} Nxc3 {[%emt 0:15:38]} 11. Qxc3 {[%emt 0:00:16]} e5 {[%emt 0:02:38]} 12. dxe5 {[%emt 0:02:12]} O-O {[%emt 0:01:23]} 13. O-O-O {[%emt 0:19:13]} Be6 {[%emt 0:19:56]} 14. Bb5 {[%emt 0:14:09]} Rfc8 {[%emt 0:07:39]} 15. Kb1 {[%emt 0:02:05]} b6 {[%emt 0:06:57]} 16. Bxc6 {[%emt 0:01:26]} Rxc6 {[%emt 0:00:15]} 17. Nd4 {[%emt 0:00:24]} Rxc5 {[%emt 0:01:19]} 18. Qe3 {[%emt 0:00:14]} Qd7 {[%emt 0:06:57]} 19. Qd3 {[%emt 0:02:05]} Rac8 {[%emt 0:04:58]} 20. f4 {[%emt 0:02:10]} g6 {[%emt 0:00:45]} 21. h3 {[%emt 0:14:23]} f6 {[%emt 0:05:27]} 22. exf6 {[%emt 0:05:47]} Rf8 {[%emt 0:00:11]} 23. g4 {[%emt 0:01:31]} Rxf6 {[%emt 0:00:11]} 24. Rhe1 {[%emt 0:01:18]} Qf7 {[%emt 0:02:42]} 25. Re5 {[%emt 0:06:47]} Bd7 {[%emt 0:00:40]} 26. Rde1 {[%emt 0:07:50]} Rxf4 {[%emt 0:02:53]} 27. Re7 {[%emt 0:01:14]} Re4 {[%emt 0:00:12]} 28. R1xe4 {[%emt 0:02:01]} dxe4 {[%emt 0:01:41]} 29. Rxf7 {[%emt 0:00:17]} exd3 {[%emt 0:00:12]} 30. Rxd7 {[%emt 0:00:07]} Re5 {[%emt 0:01:54]} 31. Kc1 {[%emt 0:01:10]} Re3 {[%emt 0:00:12]} 32. Kd2 {[%emt 0:02:17]} Rxh3 {[%emt 0:00:11]} 33. Ne6 {[%emt 0:01:00]} h5 {[%emt 0:00:38]} 34. Rd8+ {[%emt 0:02:01]} Kf7 {[%emt 0:00:18]} 35. Ng5+ {[%emt 0:00:05]} Ke7 {[%emt 0:00:10]} 36. Nxh3 {[%emt 0:00:15]} Kxd8 {[%emt 0:00:10]} 37. g5 {[%emt 0:00:26]} Kd7 {[%emt 0:00:29]} 38. Kxd3 {[%emt 0:01:01]} Ke6 {[%emt 0:00:11]} 39. Ke4 {[%emt 0:00:03]} a6 {[%emt 0:00:28]} 40. Nf4+ {[%emt 0:00:05]} 1-0

[Event "German Bundesliga 2021-22"]
[Site "Germany"]
[Date "2022.03.05"]
[Round "1.16"]
[White "Rogozenco, Dorian"]
[Black "Harff, Marcel"]
[Result "1/2-1/2"]
[WhiteElo "2439"]
[BlackElo "2367"]
[Annotator "NA"]
[PlyCount "60"]
[EventDate "2022.03.05"]
[EventType "team-tourn"]
[EventCountry "GER"]
[SourceTitle "playchess.com"]
[Source "ChessBase"]
[SourceQuality "1"]
[TimeControl "40/5400+30:1800+30"]

1. Nf3 {[%emt 0:00:00]} d5 {[%emt 0:00:00]} 2. d4 {[%emt 0:00:00]} Nf6 {[%emt 0:00:00]} 3. c4 {[%emt 0:00:00]} e6 {[%emt 0:00:00]} 4. Nc3 {[%emt 0:00:00]} c6 {[%emt 0:00:00]} 5. Bg5 {[%emt 0:00:00]} Nbd7 {[%emt 0:00:00]} 6. e3 {[%emt 0:00:00]} h6 {[%emt 0:00:00]} 7. Bh4 {[%emt 0:00:00]} g5 {[%emt 0:00:00]} 8. Bg3 {[%emt 0:00:00]} Nh5 {[%emt 0:00:00]} 9. Be5 {[%emt 0:17:02]} Nxe5 {[%emt 0:01:59]} 10. dxe5 {[%emt 0:00:04]} Ng7 {[%emt 0:03:32]} 11. h3 {[%emt 0:23:47]} Bb4 {[%emt 0:08:26]} 12. Qc2 {[%emt 0:05:08]} Qa5 {[%emt 0:02:22]} 13. Bd3 {[%emt 0:04:20]} b6 {[%emt 0:09:47]} 14. Rc1 {[%emt 0:09:09]} dxc4 {[%emt 0:06:06]} 15. Bxc4 {[%emt 0:01:01]} Bxc3+ {[%emt 0:01:31]} 16. Qxc3 {[%emt 0:00:04]} Qxc3+ {[%emt 0:00:08]} 17. Rxc3 {[%emt 0:00:03]} Bb7 {[%emt 0:00:25]} 18. O-O {[%emt 0:11:14]} Nf5 {[%emt 0:06:43]} 19. b4 {[%emt 0:05:04]} a5 {[%emt 0:04:59]} 20. bxa5 {[%emt 0:13:46]} Rxa5 {[%emt 0:00:36]} 21. Rb1 {[%emt 0:00:17]} b5 {[%emt 0:00:22]} 22. e4 {[%emt 0:01:01]} Ne7 {[%emt 0:00:20]} 23. Bb3 {[%emt 0:00:55]} b4 {[%emt 0:04:01]} 24. Rc4 {[%emt 0:04:54]} c5 {[%emt 0:00:06]} 25. Rbc1 {[%emt 0:01:29]} O-O {[%emt 0:00:12]} 26. Rxc5 {[%emt 0:00:02]} Rxc5 {[%emt 0:00:06]} 27. Rxc5 {[%emt 0:00:03]} Bxe4 {[%emt 0:00:06]} 28. Nd2 {[%emt 0:00:01]} Bd5 {[%emt 0:00:38]} 29. Rb5 {[%emt 0:01:48]} Rd8 {[%emt 0:01:22]} 30. Nc4 {[%emt 0:02:57]} Nc6 {[%emt 0:01:07]} 1/2-1/2